[Event "EU-chT (Men) 12th"]
[Site "Batumi"]
[Date "1999.11.30"]
[Round "2.3"]
[White "Pavasovic, Dusko"]
[Black "Hillarp Persson, Tiger"]
[Result "1-0"]
[WhiteElo "2510"]
[BlackElo "2507"]
[Annotator "Finkel,A"]
[PlyCount "73"]
[EventDate "1999.11.06"]
[EventType "team-swiss"]
[EventRounds "9"]
[EventCountry "GEO"]
[SourceTitle "CBM 074"]
[Source "ChessBase"]
[SourceDate "2000.02.01"]
[SourceVersion "1"]
[SourceVersionDate "2000.02.01"]
[SourceQuality "1"]
[WhiteTeam "Slovenia"]
[BlackTeam "Sweden"]
[WhiteTeamCountry "SLO"]
[BlackTeamCountry "SWE"]

1. e4 Nf6 2. e5 Nd5 3. d4 d6 4. Nf3 dxe5 5. Nxe5 Nd7 6. Nf3 c5 $6 {Dubious
continuation permitting white to reach an opening advantage without any
problems.} (6... e6 7. g3 (7. c4 N5f6 8. Nc3 Bb4 9. Qc2 b6 10. a3 Bxc3+ 11.
Qxc3 Bb7 12. Be2 O-O 13. O-O Ne4 14. Qc2 $14 {Ljubojevic,L-Ivanchuk,V/Amber
Blindfold 1998}) 7... Be7 8. Bg2 b5 9. O-O O-O 10. b3 Ba6 11. Re1 Qc8 12. Bg5
$14 {McDonald,N-Nataf,I/Paris-London 1994}) 7. c4 N5f6 8. d5 Ne4 $6 {Another
inaccuracy after which black find himself in serious troubles.It was nessasary
to play} (8... e5 $5 9. dxe6 (9. Nc3 Bd6 10. Bd3 O-O 11. O-O Re8 12. Re1 Nf8
13. Bg5 $14) 9... Qe7 10. Qe2 Qxe6 11. Qxe6+ fxe6 12. Nc3 Bd6 13. Bd3 b6 14.
Ne4 $14) 9. Bd3 Nd6 10. O-O g6 11. Re1 Bg7 12. Bg5 Nf6 13. Nc3 h6 $6 {After
this careless move black doesn't manage to castle and it makes thing even more
difficult for him.} (13... O-O 14. Ne5 Bf5 15. Qf3 Bxd3 16. Qxd3 Re8 17. Re2
$14 {[%csl Re7]}) 14. Be3 Nd7 (14... b6 15. Qd2 Bb7 16. Re2 $16 {[%cal Ga1e1,
Ge3f4]} (16. Bf4 $5)) 15. Qd2 $16 {[%cal Ge3h6]} g5 16. h4 g4 17. Nh2 h5 (17...
Ne5 18. Bxc5 Ndxc4 19. Bxc4 Nxc4 20. Qf4 $18 {[%csl Re7][%cal Ge1e7,Gf4c4]})
18. Bf4 {[%csl Re7][%cal Ge1e2,Ga1e1]} Kf8 19. Re2 {White is increasing the
advantage with very simple and natural moves.} Bf6 20. Bh6+ Kg8 21. Rae1 Nf8 (
21... Nb6 22. Re5 $1 {[%csl Rg8][%cal Ge5g5]} Rxh6 23. Qxh6 Bxe5 24. Rxe5 f5
25. Qxh5 Nbxc4 26. Re2 $18 {[%cal Gh2g4]}) 22. Bg5 $1 {Black darksquared
bishop is the main "defender" so white decides to get rid of it.} e6 (22... b6
23. Rxe7 $1 Bxe7 24. Bxe7 Qc7 25. Qg5+ $18) 23. Re5 $1 $18 {Now the material
losses are inevitable for black.} Nd7 24. Bxf6 Nxf6 25. dxe6 Bxe6 26. Rxc5 Kf8
27. Qf4 b6 28. Rce5 Rc8 29. Rxe6 $1 {The quickest way to win the game.} (29. b3
$18 {[%cal Gh2f1,Gf1g3]}) 29... fxe6 30. Rxe6 {[%csl Rf8][%cal Ge6d6,Ge6f6]}
Nde8 31. Nd5 Kf7 32. Qe5 Rh6 33. Re7+ Kf8 34. Qe6 Nd6 35. Nxf6 Rc7 (35... Qxe7
36. Qg8#) 36. Rxc7 Rxf6 37. Qd7 1-0

[Event "Monarch Assurance 08th"]
[Site "Port Erin"]
[Date "1999.11.08"]
[Round "3"]
[White "Tiviakov, Sergei"]
[Black "Baburin, Alexander"]
[Result "1/2-1/2"]
[WhiteElo "2611"]
[BlackElo "2593"]
[Annotator "Finkel,A"]
[PlyCount "89"]
[EventDate "1999.11.06"]
[EventType "swiss"]
[EventRounds "9"]
[EventCountry "IOM"]
[SourceTitle "CBM 074"]
[Source "ChessBase"]
[SourceDate "2000.02.01"]
[SourceVersion "1"]
[SourceVersionDate "2000.02.01"]
[SourceQuality "1"]

1. e4 Nf6 2. e5 Nd5 3. d4 d6 4. Nf3 c6 5. c4 Nc7 6. Nc3 dxe5 7. Nxe5 Nd7 8. Nf3
g6 9. Be2 Bg7 10. O-O O-O 11. Bf4 (11. h3 c5 12. d5 b5 $5 13. cxb5 Nb6 14. Ne4
a6 15. bxa6 Nxa6 16. Bb5 Bb7 17. Re1 Qxd5 $132 {Kuzmin,G-Miles,A/Agios
Nikolaos op 1995}) (11. Be3 c5 12. Qd2 cxd4 13. Nxd4 Ne5 14. Rfd1 Bd7 15. Bf4
$14 {Van Riemsdijk,H-Nicolosi,T/Wichern op 1997}) 11... c5 (11... Ne6 12. Be3
Qc7 (12... Nf6 13. h3 Qc7 14. Qc1 (14. Qd2 Rd8 15. Rfe1 Nh5 16. Bf1 b6 17. Rad1
Bb7 18. Qc1 Rac8 $13 {Zarnicki,P-Miles,A/Oviedo rapid 1993}) 14... Rd8 15. Rd1
b6 16. d5 cxd5 17. cxd5 Nf8 18. Nd4 $36 {Gruenfeld,Y-Zilberman,Y/Israel Nat.
League(7.6) 1999}) 13. Qd2 Rd8 14. Rad1 Ne5 15. d5 Ng4 16. Rfe1 Nxe3 $13 {
Ekstroem,R-Zelcic,R/Mitropa Cup 1995}) 12. dxc5 (12. d5 e5 13. dxe6 Nxe6 14.
Be3 Bxc3 15. bxc3 Qf6 $132) 12... Ne6 13. Be3 Bxc3 14. bxc3 Ndxc5 15. Nd4 Bd7 (
15... Qa5 16. Qe1 Bd7 17. f4 f5 18. Bf3 Ne4 19. Bxe4 fxe4 20. Nxe6 Bxe6 $13 {
Reeh,O-Pajeken,W/City Championships 1999}) 16. Bf3 Rc8 $5 (16... Qc7 17. Rb1
Rfd8 18. Qe2 Rac8 19. Rfe1 b6 20. Bd5 Nf4 21. Bxf4 Qxf4 22. g3 Qf6 23. Qxe7 $16
{Manik,M-Sergeev,V/SVK-chT 9798}) 17. Nxe6 {Making black's task easier,desrved
attention} (17. Re1 {keeping the pressure.} Re8 (17... b6 $5 18. Nb5 $5 (18.
Qd2) 18... Bxb5 (18... a6 19. Nd4 $14 {[%csl Rb6]}) 19. cxb5 Nd3 20. Re2 Rxc3
21. Rd2 Qd6 $13) 18. Bd5 Nc7 19. Qf3 Nxd5 20. cxd5 Nd3 21. Red1 $14) 17... Bxe6
18. Qd4 {[%cal Ge3h6]} Re8 19. Bd5 ({More ambitious is} 19. Rad1 $5 b6 (19...
Qa5 $6 20. Bh6 f6 21. Rfe1 Bf7 22. Rxe7 $1 $16) 20. Rfe1 Na4 21. Qh4 Qc7 22.
Bd4 Qxc4 23. Qh6 f6 24. Re4 $40 {[%cal Ge4h4] with dangerous initiative.})
19... b6 20. Rad1 Bxd5 21. cxd5 Qd7 22. c4 $6 {[%csl Rc4]} (22. Bh6 f6 23. Rfe1
b5 (23... Nb7 24. Bf4 $1 Nd6 25. Bxd6 Qxd6 26. Qa4 $1 $14) 24. Bc1 $1 a6 25.
Ba3 Na4 26. Re3 $14 {[%csl Re7]}) 22... Nb7 23. Rc1 (23. Bh6 $5) 23... Nd6 24.
c5 $11 {White undestands that his advantage disappeared and simplifies the
position.} bxc5 (24... Nf5 $6 25. c6 $1) 25. Rxc5 Nf5 26. Qc4 Nxe3 27. fxe3
Rxc5 28. Qxc5 Rc8 29. Qd4 Rc2 30. Rf2 ({Another option was} 30. Rb1 Qc7 31. a4
Rxg2+ $6 32. Kxg2 Qc2+ 33. Kg3 Qxb1 34. Qxa7 $14 h5) 30... Rc1+ 31. Rf1 Rxf1+
32. Kxf1 Qf5+ {Queens endgame is balanced and the draw is not far away.} 33.
Ke2 Qc2+ 34. Qd2 Qe4 35. Kf2 h5 36. Qa5 Qf5+ 37. Ke2 Qd7 38. h3 Kg7 39. e4 Qb7
40. Kf3 a6 41. Qc3+ f6 42. Qc6 Qb4 43. Qe6 Qc3+ 44. Kf2 Qd4+ 45. Kf3 1/2-1/2

[Event "Pamplona"]
[Site "Pamplona"]
[Date "1999.12.29"]
[Round "3"]
[White "Almasi, Zoltan"]
[Black "De la Villa Garcia, Jesus Maria"]
[Result "1/2-1/2"]
[WhiteElo "2663"]
[BlackElo "2473"]
[Annotator "Finkel,A"]
[PlyCount "130"]
[EventDate "1999.12.27"]
[EventType "tourn"]
[EventRounds "9"]
[EventCountry "ESP"]
[EventCategory "15"]
[SourceTitle "CBM 075"]
[Source "ChessBase"]
[SourceDate "2000.04.05"]
[SourceVersion "1"]
[SourceVersionDate "2000.04.05"]
[SourceQuality "1"]

1. e4 Nf6 2. e5 Nd5 3. d4 d6 4. Nf3 g6 5. Bc4 Nb6 6. Bb3 Bg7 7. a4 $5 {
Entering extremly complicated variation with mutual chanses.} dxe5 8. a5 N6d7 {
Accepting the chalange.After cautious} (8... Nd5 9. Nxe5 O-O 10. O-O c6 (10...
c5 $6 11. Nxf7 $1 Kxf7 12. Qf3+ Kg8 13. Qxd5+ Qxd5 14. Bxd5+ e6 15. Be4 cxd4
16. Bg5 $14 {Nunn,J-Schroll,G/Vienna 1991}) (10... e6 11. Nf3 c5 12. c4 Nb4 13.
Bg5 Bf6 14. Bxf6 Qxf6 15. Nc3 cxd4 16. Ne4 Qg7 17. c5 N8c6 $13 {1/2-1/2 Hracek,
Z-Varga,Z/Odorheiu Secuiesc zt 1995}) 11. Nd2 Na6 12. Ndf3 f6 13. Nd3 Be6 14.
Re1 Bf7 15. Qe2 Re8 16. Nf4 $14 {white gets very comfortable position in all
variations; Mokry,K-Schroll,G/Vienna 1991}) 9. Bxf7+ $5 (9. dxe5 $6 Nxe5 10.
Qxd8+ Kxd8 11. Ng5 Ke8 12. Nc3 h6 13. Nge4 Na6 $17 {Nicholson,J-Khmelnitsky,I/
Spring op 1990}) 9... Kxf7 10. Ng5+ Kg8 11. Ne6 Qe8 12. Nxc7 {This line was
formerly discredited because of a game in which black played 12...Qf7, but did
not get enough for the exchange. Alburt's move is a significant improvement.}
Qd8 $1 (12... Qf7 $6 13. Nxa8 exd4 14. O-O Na6 15. c3 h6 16. cxd4 Kh7 17. Na3
$14 {Lau,R-Posch,W/Jacques Lemans op16 1996}) 13. Nxa8 (13. Ne6 Qe8 14. Nc7 {
1/2-1/2 Svidler,P-Khalifman,A/EUCup Gr5 1995}) 13... exd4 14. O-O (14. c3 $2
Nc5 15. cxd4 (15. b4 Ne4 16. Qb3+ e6 17. cxd4 Nc6 $1 {~/= Dlugy.}) 15... Bxd4
16. O-O e5 17. Be3 Nba6 (17... Nc6 18. Bxd4 exd4 19. Qc2 Ne6 20. a6 Qd5 21. Nd2
Kg7 $36 {Cooper,L-Smith,G/Walsall 1992}) 18. Nc3 Bf5 19. Rc1 Kg7 20. Bxd4 Qxd4
21. b4 Nd3 22. Ne2 Qd7 $17 {Christiansen,L-Alburt,L/USA-ch m 1990}) 14... Nc6
15. c3 Nc5 16. b4 dxc3 $5 (16... Ne6 $2 17. Qb3 dxc3 18. Nxc3 $16 {Gubanov,
A-Romanovich,L/Chigorin mem 1995}) 17. Qxd8+ Nxd8 18. bxc5 $6 {Critical
position of the game.After white's last move black easily solves opening
problems,so better was} (18. Ra3 $5 Ne4 19. Re1 c2 20. Nd2 Nxd2 21. Bxd2 Bf6
22. Nc7 $14 {with advantage.}) 18... c2 19. Nc3 Bxc3 20. Ra3 Bf6 21. Nc7 Nc6
22. Nd5 Kf7 $132 ({Another promising possibility was} 22... Bd4 $5 23. Be3 e5
24. Bxd4 exd4 25. Rc1 Bf5 26. g4 d3 $1 $13 {with unclear position.}) 23. Nxf6
exf6 24. f3 h5 {[%cal Gc8f5]} 25. h3 h4 $1 $15 {Ensuaring the square f5 for
the bishop.} 26. Rf2 Bf5 27. a6 bxa6 (27... Rb8 $1) 28. Rxa6 Rc8 29. Kh2 Rc7 ({
Deserved attention} 29... Bd3 30. Ra3 Bf5 31. Rd2 (31. Ra6) 31... a5 32. Rd6
Rc7 $15 {[%cal Gc6e5,Ge5d3] with better chanses.}) 30. Rd2 Ne5 31. Rdd6 Nd3 32.
Rxf6+ Kg7 33. Bg5 Nxc5 $6 {After this move black finds himself on defensive,
whie after} (33... c1=Q 34. Bxc1 Nxc1 35. Rfc6 Rxc6 36. Rxc6 Nb3 37. Rc7+ Kf6
$11 {black even has symbolical advantage.}) 34. Rac6 Rxc6 35. Rxc6 Nb3 36. Rc3
Nd4 37. Rc7+ Kf8 38. Rxa7 (38. Kg1 $5) 38... Ne2 {[%csl Rh2] Now white king
can't get out of the corner.} 39. Rc7 $14 Kg8 40. Rc4 Kf7 41. Rxh4 {The only
way to play for a win,but black easily holds this endgame.} c1=Q 42. Bxc1 Nxc1
43. g4 (43. Rc4 Ne2 $1 44. f4 Ke6 45. g4 Bd3 46. Rb4 Kd5 $11) 43... Be6 44.
Rh7+ Kf6 45. h4 Ne2 46. Kg2 (46. h5 $6 g5 $11) 46... Ke5 47. Ra7 Nf4+ 48. Kg3
Ne2+ 49. Kf2 Nf4 50. Ra3 Kf6 51. Ra4 Nd5 52. Re4 Nc3 53. Re1 Nd5 54. Kg3 Kf7
55. Ra1 Kf6 56. Ra7 Ne3 57. Ra6 (57. Kf4 Ng2+ 58. Kg3 Ne3) 57... Nd5 58. Ra3
Kf7 59. Ra7+ Kf6 60. Ra5 Kf7 61. Ra6 Kf6 62. f4 Ne3 63. Kf3 Nxg4 $1 64. Rxe6+
Kxe6 65. Kxg4 Kf6 (65... Kf6 66. Kf3 Kf7 67. Ke4 Ke6 $11) 1/2-1/2

[Event "DEN-ch"]
[Site "Aarhus"]
[Date "1999.03.31"]
[Round "5"]
[White "Hansen, Sune Berg"]
[Black "Larsen, Bent"]
[Result "1-0"]
[WhiteElo "2499"]
[BlackElo "2532"]
[Annotator "Finkel,A"]
[PlyCount "78"]
[EventDate "1999.03.??"]
[EventType "tourn"]
[EventRounds "9"]
[EventCountry "DEN"]
[EventCategory "10"]
[SourceTitle "CBM 071"]
[Source "ChessBase"]
[SourceDate "1999.08.01"]
[SourceVersion "1"]
[SourceVersionDate "1999.08.01"]
[SourceQuality "1"]

1. e4 Nf6 2. e5 Nd5 3. d4 d6 4. Nf3 dxe5 5. Nxe5 g6 6. Bc4 c6 7. O-O Bg7 8. Re1
O-O 9. Bb3 Nd7 (9... a5 10. c3 (10. a4 Be6 11. c3 Qc7 12. Nd3 Nd7 13. Nd2 Rfe8
14. Ne4 h6 15. Qf3 $14 {Godena,M-Kveinys,A/EU-chT 1992}) 10... Nd7 11. Nf3 N7b6
12. a4 Qc7 13. Bg5 Bg4 14. Nbd2 c5 15. h3 Bxf3 16. Qxf3 $14 {Kortschnoj,
V-Vaganian,R/Horgen 1995}) 10. Nf3 N7f6 (10... N7b6 11. c4 Nf6 12. h3 Bf5 13.
Nc3 Qc7 14. Bg5 Be6 15. Qe2 Rfe8 16. Be3 $14 {Gallagher,J-Lukasiewicz,G/Bern
op 1990}) (10... b5 11. Bxd5 cxd5 12. Nc3 a6 13. Nxd5 e6 14. Nc3 Bb7 15. Ne4
Qc7 16. Bg5 Rac8 $44 {Kosten,A-Pytel,K/Aix les Bains 1991}) 11. h3 (11. c4 Nc7
12. h3 c5 13. Nc3 cxd4 14. Nxd4 Ne6 15. Be3 Nxd4 16. Qxd4 $14 {Kasparov,
G-Adams,M/Linares14th 1997}) 11... Be6 $6 (11... b5 12. Bg5 Be6 13. Nbd2 Nc7
14. c3 Bd5 15. Ne5 Ne6 16. Bh4 c5 $132 {Lau,R-Bjerring,K/Munich op9293 1993})
12. c4 Nb6 $6 {After this move black findes himself under extremly unpleasent
pressure and the worst thing is he is incapable to create counterplay.} (12...
Nc7 $5 {[%cal Gb7b5]} 13. Bf4 (13. Ne5 Nd7 14. Bf4 Nxe5 15. Bxe5 Bxe5 16. Rxe5
b5 $11) 13... b5 $5 14. Bxc7 Qxc7 15. cxb5 Bxb3 16. Qxb3 cxb5 17. Qxb5 Rab8 18.
Qe2 Nd5 $14) 13. Qe2 a5 14. a4 $1 $14 Nc8 15. Nc3 Nd6 16. Ba2 Nf5 17. Rd1 {
Move by move white improves position of the pieces,while black hardly finds
the squares for his minor pieces.} Bd7 (17... Qc7 18. g4 $5 (18. d5 cxd5 19.
cxd5 Bd7 20. g4 Nd6 21. Bf4 Rfe8 22. Rac1 $14) 18... Nd6 19. Bf4 {[%cal Gd1d2,
Ga1e1,Gb2b3,Ga2b1]}) 18. Bf4 b6 19. Rd2 Re8 20. Rad1 Ra7 21. Ne5 $5 ({Serious
attention deserved} 21. g4 $5 Nd6 22. Ne5 Rf8 23. c5 $1 $16 {,but white
doesn't want to force the matters.}) 21... e6 22. g4 Ne7 (22... Nd6 23. Qf3 $16
) 23. Qf3 $16 {[%cal Gf4g5]} h6 24. Bg3 ({It was possible to take a pawn.} 24.
Bxh6 $5 Bxh6 25. Qxf6 Rf8 26. Re2 Bg7 27. Qh4 $16) 24... Rf8 25. Bb1 Nh7 26.
Qe3 Bc8 27. Bf4 (27. d5 $5 exd5 28. cxd5 cxd5 29. Nxd5 Nxd5 30. Rxd5 Qe7 31.
Qxb6 Rb7 32. Qd4 $16) 27... g5 28. Bh2 f5 29. Re1 Qe8 $6 (29... Nf6 30. f4 Nh7
31. Rg2 $16) 30. d5 $5 {Finally!} exd5 {[%csl Rb6]} (30... cxd5 $5) 31. Qxb6
Rb7 32. Qc5 {[%cal Ge1e8]} Ng6 $6 ({More persistant was} 32... Nf6 $5 33. gxf5
Nxf5 34. Qxc6 Qxc6 35. Nxc6 Nh4 36. Re3 dxc4 37. Ba2 $16 {but even in this
case white's advantage seems to be decisive.}) 33. Rde2 Bxe5 34. Bxe5 $18 {
[%csl Rc6][%cal Ge1e8,Gb1h7,Ge5h8] Despite of material balance black is lost.
The difference in strength of the pieces is huge.} Nh4 (34... Nxe5 35. Rxe5 Qg6
36. cxd5 Rxb2 37. dxc6 $18) 35. Bd6 {[%csl Rf8][%cal Ge2e8] Not being afraid
of checks!} Nf3+ 36. Kh1 Qf7 (36... Nxe1 37. Rxe8 Rxe8 38. Qxc6 $18 {[%csl Rg8]
[%cal Gc6e8,Gc6d5]}) 37. Bxf8 Nxe1 38. Bxh6 Nf3 39. Qxc6 Rc7 1-0

[Event "DEN-ch"]
[Site "Aarhus"]
[Date "1999.03.28"]
[Round "2"]
[White "Borge, Nikolaj"]
[Black "Larsen, Bent"]
[Result "1/2-1/2"]
[WhiteElo "2466"]
[BlackElo "2532"]
[Annotator "Finkel,A"]
[PlyCount "114"]
[EventDate "1999.03.??"]
[EventType "tourn"]
[EventRounds "9"]
[EventCountry "DEN"]
[EventCategory "10"]
[SourceTitle "CBM 071"]
[Source "ChessBase"]
[SourceDate "1999.08.01"]
[SourceVersion "1"]
[SourceVersionDate "1999.08.01"]
[SourceQuality "1"]

1. e4 Nf6 2. e5 Nd5 3. d4 d6 4. Nf3 dxe5 5. Nxe5 g6 6. Nd2 Bg7 7. Ndf3 O-O 8.
Bc4 c6 9. O-O Nd7 10. Re1 Nxe5 11. Nxe5 a5 (11... Be6 12. Bb3 (12. Bf1 Qc8 (
12... a5 13. c4 Nb6 14. b3 Nd7 15. Nf3 Bg4 16. Bb2 Nc5 $132 {Socko,
B-Kupreichik,V/Groningen op 1995}) 13. Bd2 Rd8 14. c3 a5 15. Qf3 a4 16. Qg3 $14
{Conquest,S-Maus,S/Copenhagen op 1990}) 12... Nc7 (12... a5 13. c3 Qc8 (13...
Qc7 14. Bg5 (14. Bxd5 Bxd5 15. Bf4 Qd8 16. Nd3 Re8 17. Qd2 Qc8 18. h3 b6 $11 {
Borocz,I-Horvath,J/Budapest FS04 GM 1995}) 14... Rfd8 15. Bh4 c5 16. Bg3 Qc8
17. Rc1 Bh6 18. Rc2 b5 $132 {Stefansson,H-Kengis,E/Arnold Cup 1991}) (13... Nc7
14. Bxe6 Nxe6 15. Qb3 Qc8 16. a4 Nc7 17. Bg5 Nd5 18. c4 $14 {Kuporosov,
V-Panchenko,A/Schneider mem op 1991}) 14. Bd2 Rd8 15. Rc1 c5 16. Qf3 a4 17. Bc4
Qc7 18. Ng4 Bxg4 19. Qxg4 cxd4 20. cxd4 Qd7 $11 {Smirin,I-Kengis,E/URS-sf 1989}
) 13. c3 Qc8 14. Bxe6 Nxe6 15. Qg4 c5 16. d5 Nc7 17. Qe4 Qf5 18. c4 $14 {
Fuksik,J-Markovic,I/CZE-chT2 9596}) (11... Bf5 12. c3 Qc7 13. Qf3 Rad8 14. Bb3
Qc8 15. Bd2 f6 16. Nc4 Kh8 17. Ne3 $14 {Rublevsky,S-Bratchenko,A/RUS-chT 1995})
12. a4 Be6 13. Qf3 Qd6 14. c3 (14. b3 Nb4 15. Bxe6 Qxe6) 14... c5 15. dxc5 Qxc5
16. Bb5 $6 {Missing very promising possibility to fight for the advantage.} (
16. b3 $1 {[%csl Rd5,Re7][%cal Gc1a3]} Rad8 17. Ba3 Qc7 (17... Qb6 18. Rad1 (
18. Qg3 Bf6) 18... Nc7 19. Bxe7 $1 (19. Rxd8 $6 Rxd8 20. Bxe7 $6 Re8 21. Nd7 $8
Qc6 $1 (21... Bxd7 $2 22. Bxf7+ Kh8 23. Bxe8 Nxe8 24. Qf7 $1 $16 {[%csl Rh8]
[%cal Ge7f8]}) 22. Nf6+ Bxf6 23. Qxf6 (23. Bxf6 Qxf3 24. gxf3 Bxc4 25. Rxe8+
Nxe8 26. bxc4 Nxf6 $19) 23... Qd7 $1 24. Bxe6 Rxe7 $1 $17 {[%csl Re1]}) 19...
Rxd1 20. Qxd1 Re8 21. Bxe6 Qxe6 22. Bd6 $1 (22. Nc4 Qd5 23. Qa1 (23. Bd6 Rxe1+
24. Qxe1 Bxc3 $1 $11) 23... b5 $1 $44) 22... Rd8 23. Nc4 Qd5 24. Qxd5 Nxd5 25.
Kf1 $14 {[%csl Ra5]}) 18. Qg3 b6 19. Rad1 Rfe8 20. h3 $14 {and white gets an
upper hand.}) 16... Rad8 $11 {Now the position is balanced and we can say that
black has successfully solved opening problems.} 17. Nd3 Qc8 18. Nf4 Nxf4 19.
Bxf4 Rd5 ({After careless} 19... Bd5 $6 20. Qg3 $1 {[%csl Rd8,Re7][%cal Gf4c7]
white gets second chanse!}) 20. Qe3 $5 {[%csl Ra5][%cal Ge3b6]} Bd7 (20... Rfd8
$6 21. Qb6 Bd7 22. Qxa5 Bxb5 23. axb5 Qf5 24. Be3 $16) 21. Qb6 $2 {Painfull
blunder after which white has to work very hard to make a draw.After natural} (
21. Qxe7 Bxb5 22. axb5 Rxb5 23. Re2 Rd5 $1 $11 {or}) (21. Bxd7 $5 Rxd7 22. Qb6
Qc4 $1 (22... Qd8 $6 23. Qb5 e6 24. Be3 $1 $14 {[%csl Ra5]}) 23. Be3 Ra8 $11 {
the position remains balanced and draw seems to be the most likely result.})
21... Bxb5 22. axb5 Qf5 $1 $17 {[%csl Rb5,Rf4] Simple double blow probably
missed by white.} 23. Qxb7 (23. c4 $6 Rd7 $1 {[%csl Rb2,Rf4]} 24. Qe3 Bxb2 25.
Rxa5 $6 Rd3 26. Qe2 Bc3 $19 {[%cal Gc3a5,Gc3e1]}) 23... Rxb5 24. Qf3 (24. Qe4
Qxe4 25. Rxe4 Rxb2 26. Rxe7 Bxc3 $17) 24... Rxb2 25. Be5 $5 {The best chanse.}
Qxf3 26. gxf3 Bxe5 $6 ({More chanses to win the game would leave} 26... Ra8 $5
27. Bxg7 Kxg7 28. Rxe7 a4 29. Ra3 Rb3 30. Rxb3 axb3 31. Rb7 Ra1+ 32. Kg2 Rb1
33. c4 Kf6 34. c5 Ke6 $17) 27. Rxe5 Rd8 28. Rexa5 Rd3 {[%cal Gd3c3,Gd3f3]
Winning a pawn,but white easily holds this position.} 29. Kg2 Rxc3 30. R5a3
Rcc2 31. Rf1 Kg7 32. Rd3 e6 33. Re3 Rb5 34. Rd3 Rc4 35. h3 Rg5+ 36. Kh2 Rh4 37.
Rh1 e5 38. Ra3 Rf4 (38... Rd4 39. Rg1) 39. Re1 $1 ({Of course not} 39. Rg1 $2
Rgf5 40. Rg3 e4 $1 41. fxe4 Rxf2+ $17 {with good winning chanses.}) 39... Rgf5
40. Kg3 h5 41. Re4 h4+ (41... Rg5+ 42. Kh2 Rxe4 43. fxe4 f5 44. Ra4 $15 {
[%csl Rg5]}) 42. Kg2 Rxe4 43. fxe4 Rf4 44. Ra4 Kh6 45. Ra7 Kg5 46. f3 f5 ({
Doesn't work an attempt to decide the game with scrifice of g-pawn:} 46... Rf6
47. Kf2 Kf4 48. Rb7 g5 49. Ra7 g4 50. hxg4 h3 51. Re7 $11) 47. Ra5 Kf6 48. Ra6+
Kg7 49. Ra7+ Kh6 50. exf5 gxf5 51. Ra5 e4 52. fxe4 fxe4 53. Re5 Kg6 54. Re6+
Kf7 55. Re5 Kf6 56. Re8 Kf5 57. Re7 Kf6 1/2-1/2

[Event "RUS-Cup01 Chigorin Memorial"]
[Site "St Petersburg"]
[Date "1997.11.06"]
[Round "6"]
[White "Kuzmin, Gennadi P"]
[Black "Solozhenkin, Evgeniy"]
[Result "1-0"]
[WhiteElo "2555"]
[BlackElo "2485"]
[Annotator "Finkel,A"]
[PlyCount "47"]
[EventDate "1997.11.01"]
[EventType "swiss"]
[EventRounds "9"]
[EventCountry "RUS"]
[SourceTitle "CBM 062"]
[Source "ChessBase"]
[SourceDate "1998.01.31"]
[SourceVersion "1"]
[SourceVersionDate "1998.01.31"]
[SourceQuality "1"]

1. e4 Nf6 2. e5 Nd5 3. d4 d6 4. Nf3 g6 5. Bc4 Nb6 6. Bb3 Bg7 7. O-O O-O 8. exd6
(8. Re1 Nc6 9. exd6 cxd6 10. h3 $5 (10. c3 e5 $5 11. Bg5 Qc7 12. dxe5 dxe5 13.
Nbd2 h6 14. Be3 Rd8 15. Qe2 Nd5 $11 {Jukic,B-Hauchard,A/Oostende op 1991/0-1 
(57)}) 10... Bf5 (10... Na5 $5 11. Nc3 h6 12. Bf4 g5 13. Be3 Nbc4 14. Bc1 d5 $6
15. Ne2 Bf5 16. Ng3 Bg6 17. c3 Nxb3 18. axb3 Nd6 19. Ne5 $14 {Anand-Guevara,
Dubai ol 1986}) 11. Nc3 Rc8 12. Bg5 h6 13. Be3 d5 14. Ne2 Na5 15. c3 Nbc4 (
15... Bd7 16. Bc2 Bc6 17. Nf4 {->>>}) 16. Bc1 Qb6 $6 {קd5,e7} (16... e6 17.
Ng3 $16) (16... Re8 $5 17. Ng3 {+/=/+/-}) 17. Nf4 Be4 18. Nd2 $1 $16 {Anand,
V-Timman,J/Linares 1992 (32)}) 8... cxd6 9. Re1 Bg4 10. c3 Nc6 11. h3 ({
Also deserves attention} 11. Nbd2 $5 e5 12. h3 Bf5 13. Nf1 $1 exd4 14. cxd4 d5
15. Ng3 Be6 16. Bg5 Qd7 17. Ne5 $14 {Zhelnin Vladimir V-Oliwa Marek/It (open),
Katowice (Poland) 1995 (34)}) 11... Bxf3 12. Qxf3 d5 13. Bf4 $5 $14 {Another
promising option was} (13. Bg5 f6 14. Bh4 Qd7 15. Nd2 e5 16. dxe5 fxe5 17. Qg3
Kh8 18. Rad1 $36 {with play against black pawns in the center.}) 13... f6 $5 {
If black chooses passive set up by playing Rc8,e6,Nd7 white has very simple
plan to strengthen his position:Qg3,Nd2-f3-e5,h2-h4-h5 with initiative.} 14.
Bg3 $1 {Planing to take on e5} e5 15. dxe5 fxe5 16. Qg4 $1 Kh8 (16... Qc8 $5
17. Nd2 Qxg4 18. hxg4 Kh8 19. Rad1 Rad8 20. Nf1 $14) 17. Na3 Nd7 $6 {
Transfering the knight to f6 which is not the most suitable place.Deserved
attention} (17... Qf6 18. Rad1 Qf7 19. Rd3 e4 20. Rd2 Na5 {with complicated
position}) 18. Rad1 Nf6 19. Qe2 $16 d4 (19... e4 20. Nb5 $1 $18 Rc8 (20... Qa5
21. Nc7) 21. Nd6 Rc7 22. Bxd5 $18) 20. Nc4 $18 {[%csl Re5] It's quiet
interesting how during the couple of moves without visible mistakes the
position of black which seemed to be o'kay turned into ruines.} Re8 21. Ba4 Nd7
(21... Nh5 22. Bh2 Nf4 23. Qe4 Qd5 24. Qxd5 Nxd5 25. Nd6 $18) 22. Nd6 {[%csl
Rb7,Rf7]} Rf8 23. Bxc6 bxc6 24. cxd4 1-0